Les 10 « B » pays les plus proches de États-Unis - Statistiques

Statistiques générales
  • Ce quiz a été pris 348 fois
  • Le résultat moyen est 7 sur 10
Statistiques - réponses
km pays % Correct
85 Bahamas
86%
4159 Bolivie
86%
931 Belize
85%
2831 Brésil
82%
4950 Belgique
79%
2539 Barbade
76%
6629 Bulgarie
58%
6050 Biélorussie
54%
6127 Bosnie- Herzégovine
46%
6840 Burkina Faso
39%
Aucun quiz correspondant
Distribution des résultats
% des personnes avec chaque résultat
Percentile par nombre de réponses
Votre historique - résultats
Vous n’avez pas pris ce quiz